Strategic spillover production, vertival organization, and incentives for research and development

Αποθηκεύτηκε σε:
Λεπτομέρειες βιβλιογραφικής εγγραφής
Κύριος συγγραφέας: Harhoff, Dietmar
Άλλοι συγγραφείς: Orlin, James B., 1953- (Επιμελητής έκδοσης), Hippel, Eric von (Επιμελητής έκδοσης)
Μορφή: Thesis Βιβλίο
Γλώσσα:English
Δημοσίευση: 1991.
Ετικέτες: Προσθήκη ετικέτας
Δεν υπάρχουν, Καταχωρήστε ετικέτα πρώτοι!

MARC

LEADER 00000cam a2200000 i 4500
001 1/24225
008 011126s1991 eng d
035 |l 10067826 
040 |a GR-MY-UA  |b gre  |e aacr 
041 0 |a eng 
082 0 |a 658.4012  
100 1 |a Harhoff, Dietmar. 
245 1 0 |a Strategic spillover production, vertival organization, and incentives for research and development /   |c Dietman Harhoff ; Massachusetts institute of Τechnology, Alfred P. Sloan School of Management ; Eric von Hippel, Thesis Supervisor, James B. Orlin, Chairman, Ph. D. Program Committee.  
260 |c 1991. 
300 |a 236 σ. 
500 |a Submitted to the Alfred P. Sloan School of Management in partial fulfillment of the requirements for the dgree of Doctor of Philosophy.  
502 |a Διατριβή (διδακτορική) - Massachusetts institute of Τechnology, Massachusetts, 1991. 
504 |a Περιλαμβάνει βιβλιογραφία.  
700 1 |4 edt  |a Orlin, James B.,   |d 1953- 
700 1 |4 edt  |a Hippel, Eric von. 
852 |a INST  |b CHIOS  |c DIATROTHER  |e 20011126  |h 658.4012 HAR  |p 005200020867  |q 005200020867  |t PHD  |y 23 
901 |a BIBL2-2001-3 
909 |a Χ  |b 084062 
970 |a ΝΤΟΥΜΗ  |b ΜΑΡΙΑ  |z 2001/11/26